000 00684nam a22002297a 4500
003 UA-OsUOA
001 96847
007 ta
008 20130322b un ||||| |||| 00| 0 ukr d
100 _aМедведев Ф.
090 _a821.161.1
_bМ42
942 _cBK
040 _aUA-OsUOA
_brus
_cUA-OsUOA
_dUA-OsUOA
245 _aЦена прозрения
_bспециальный корреспондент "Огонька" берт интервью 1986 - 1988
300 _a270 с.
955 _a3
041 _arus
080 _a821.161.1
260 _aМ.
_bКнига
_c1990
650 7 _a82 Література. Літературознавство
_2UDC
999 _c383096
_d383096